| 000 | 00538nam a22001695i 4500 | ||
|---|---|---|---|
| 020 | _a9780857094605 | ||
| 082 | _a346.5102 | ||
| 100 | 1 | _aWang, Chang. | |
| 245 | 1 | 0 |
_aInside China's legal system / _cChang Wang, Nathan H. Madson. |
| 260 |
_aUK _bChandos publishing _c2013 |
||
| 300 |
_a353pages _b 24cm |
||
| 650 |
_aNLS2024, NLSETEXTBOOKS, NLSEBOOKBANK _9126870 |
||
| 856 | _uhttp://10.250.8.41:8080/xmlui/handle/123456789/47847 | ||
| 942 |
_2ddc _cBK |
||
| 999 |
_c541009 _d541009 |
||